The big wander / (Record no. 3402)

MARC details
000 -LEADER
fixed length control field 00774nam a22002417a 4500
001 - CONTROL NUMBER
control field 3402
003 - CONTROL NUMBER IDENTIFIER
control field FISKH
005 - DATE AND TIME OF LATEST TRANSACTION
control field 20240304151928.0
008 - FIXED-LENGTH DATA ELEMENTS--GENERAL INFORMATION
fixed length control field 240301b cb ||||| |||| 00| 0 eng d
040 ## - CATALOGING SOURCE
Original cataloging agency FISK
Language of cataloging eng
Transcribing agency FISK
Modifying agency FISK
050 ## - LIBRARY OF CONGRESS CALL NUMBER
Classification number PZ7.H6524
082 ## - DEWEY DECIMAL CLASSIFICATION NUMBER
Classification number 813.54
100 ## - MAIN ENTRY--PERSONAL NAME
Personal name Hobbs Will :
Dates associated with a name 1947-
245 ## - TITLE STATEMENT
Title The big wander /
Statement of responsibility, etc. Will Hobbs
260 ## - PUBLICATION, DISTRIBUTION, ETC.
Place of publication, distribution, etc. New York :
Name of publisher, distributor, etc. Will Hobbs,
Date of publication, distribution, etc. 2004
300 ## - PHYSICAL DESCRIPTION
Extent 181 pages :
Dimensions 20 cm
505 ## - FORMATTED CONTENTS NOTE
Formatted contents note M
520 ## - SUMMARY, ETC.
Summary, etc. As he searches for his uncle through the rugged Southwest canyon country, fourteen-year-old Clay becomes involved with a group of Navajo Indians who are trying to save some of the last wild mustangs.
521 8# - TARGET AUDIENCE NOTE
Target audience note 800
Source Lexile
700 ## - ADDED ENTRY--PERSONAL NAME
Personal name Will Hobbs
942 ## - ADDED ENTRY ELEMENTS (KOHA)
Source of classification or shelving scheme Dewey Decimal Classification
Koha item type Books
Suppress in OPAC No
Holdings
Withdrawn status Lost status Source of classification or shelving scheme Damaged status Not for loan Collection Home library Current library Shelving location Date acquired Total Checkouts Full call number Barcode Date last seen Price effective from Koha item type
    Dewey Decimal Classification     Fiction Footprints International School Library Network Toul Kork Campus Footprints International School Library Network Toul Kork Campus TTP Secondary Fiction Bookshelves 03/01/2024   HOB PZ7.H6524 813.54 2024-0163 03/01/2024 03/01/2024 Books